Statistics for NFL Stadiums Quiz

Click here to take the quiz!

General Stats

  • This quiz has been taken 31,876 times
    (13,042 since last reset)
  • The average score is 17 of 30

Answer Stats

TeamYearStadium% Correct
Chiefs1972Arrowhead Stadium
85%
Packers1957Lambeau Field
85%
Bears1971Soldier Field
79%
Saints1975Caesars Superdome
77%
Rams / Chargers2020SoFi Stadium
72%
Cowboys2009AT&T Stadium
71%
Patriots2002Gillette Stadium
71%
Giants / Jets2010MetLife Stadium
70%
Steelers2001Acrisure Stadium
69%
Falcons2017Mercedes-Benz Stadium
69%
Lions2002Ford Field
68%
Dolphins1987Hard Rock Stadium
66%
Broncos2001Mile High
66%
49ers2014Levi's Stadium
59%
Commanders1997Commanders Field
57%
Colts2008Lucas Oil Stadium
57%
Eagles2003Lincoln Financial Field
49%
Raiders2020Allegiant Stadium
48%
Buccaneers1998Raymond James Stadium
47%
Texans2002NRG Stadium
44%
Vikings2016U.S. Bank Stadium
44%
Panthers1996Bank of America Stadium
43%
Titans1999Nissan Stadium
42%
Seahawks2002Lumen Field
40%
Ravens1998M&T Bank Stadium
40%
Bengals2000Paycor Stadium
40%
Cardinals2006State Farm Stadium
39%
Bills1973Highmark Stadium
34%
Browns1999Cleveland Browns Stadium
27%
Jaguars1995TIAA Bank Field
27%

Score Distribution

Percentile by Number Answered

Percent of People with Each Score

Your Score History

You have not taken this quiz since the last reset